Океан у кінці вулиці (Запис № 17760)

000 -Маркер запису
Контрольне поле сталої довжини 02324nam a22002537a 4500
003 - Належність контрольного номера
Контрольне поле Uzh_bibl
008 - Кодовані дані
Контрольне поле сталої довжини 260514b |||||||| |||| 00| 0 ukr d
020 ## - Індекс ISBN
ISBN 978-966-948-207-5
Ціна 141.00
040 ## - Джерело каталогіз.
Код мови каталог. укр.
041 ## - Код мови видання
Код мови оригіналу англійська
Код мови тексту українська
080 ## - Індекс УДК
Індекс УДК 821(410)
090 ## - Шифри
Поличний індекс 821(410)
Авторський знак Ґ 29
100 ## - Автор
Автор Ґейман,Ніл
245 ## - Назва
Назва Океан у кінці вулиці
Відповідальність пер.з анг.О.Петіка
Фізичний носій Текст
260 ## - Вихідні дані
Місце видання Київ
Видавництво Вид.група КМ-БУКС
Дата видання 2019
300 ## - Фізичний опис
Обсяг 256 с.
Ілл./тип відтвор. іл.
Тип одиниці В опр.
520 ## - Анотація
Анотація Дивовижна казка для дорослих - часом добра, часом зла, часом страшна і моторошна - від "рок-зірки сучасної літератури" Ніла Ґеймана запрошує читача у подорож лабіринтами спогадів. Головний герой книги згадує семирічного себе і всі ті речі, які з ним траплялися у дитинстві: часом добрі, часом злі, часом страшні і моторошні. Повернувшись на сільську вулицю свого дитинства, він згадує також дивовижну сусідську дівчинку Летті Гемсток, яка обіцяла його захищати попри все. Сидячи на березі ставка, який Летті вперто називала океаном, він згадує те, що волів би забути.<br/><br/>Ви добре пам'ятаєте своє дитинство? А ви впевнені, що ваші спогади абсолютно точні? Що, як раптом найпотаємніші з них заховані, мов дитячі іграшки на дні забитої дорослими речами шафи, і лише повернувшись у місця, де ви виросли, ви згадаєте, як усе було насправді?
521 ## - Примітка про цільове призначення
Примітка про цільове призначення Для широкого кола читачів
546 ## - Примітка про мову
Примітка про мову укр.
650 ## - Тематичні рубрики
Основна рубрика Літературно-художнє видання
653 ## - Ключові слова
Ключові слова Дитинство
-- Спогади
-- Подорож
655 ## - Термін індексування — жанр/форма
Жанр/форма Фентезі
942 ## - ADDED ENTRY ELEMENTS (KOHA)
Джерело класифікації чи схема поличного розташування
Koha item type Книги
Фонди
Статус вилучення Статус втрати/відсутності Джерело класифікації чи схема поличного розташування Статус пошкодження Тип обігу (не для випозичання) Постійне розташування Поточне розташування Розташування у відділі Дата надходження Інвентарний номер Total Checkouts Повний (примірниковий) шифр зберігання Штрих-код Date last seen Дата, для якої чинна ціна заміни Тип одиниці (рівень примірника)
          Бібліотека-філія №3 Бібліотека-філія №3 Абонемент старший відділ 14/05/2026 71760   821(410) 4221 14/05/2026 14/05/2026 Книги

Працює на АБІС Коха